000 00496nam a22001937a 4500
003 OSt
005 20231204111024.0
008 180206b ||||| |||| 00| 0 eng d
020 _a1560521767
040 _aMMU
_beng
_cMMU
_dMMU
050 _aHD62.15 .B388 1992
100 _aBatten Joe
245 _aBuilding a total quality culture/
_cJoe Batten
260 _aCalifornia:
_bCrisp,
_c1992.
300 _a88p.:
_bill,
500 _aincludes index
650 _aCulture
942 _2lcc
_cLOAN LOAN
999 _c30474
_d30473